| 000 | 00343nam a2200133Ia 4500 | ||
|---|---|---|---|
| 008 | 150201s2002 xx 000 0 und d | ||
| 082 |
_a616.07 _bB02S |
||
| 100 | _aSTEVENS,ALAN | ||
| 245 | _aWHEATER'S BASIC HISTOLOGY:A COLOUR ATLAS & TEXT | ||
| 250 | _a4TH | ||
| 260 |
_bCHURCHILL _aLONDON _c2002 |
||
| 650 | _aHUMAN ANATOMY | ||
| 942 |
_2ddc _cBK _03 |
||
| 999 |
_c901 _d901 |
||